2017 NBA Draft - Statistics

General Stats
  • This quiz has been taken 3,567 times
  • The average score is 12 of 30
Answer Stats
# Team College Player % Correct
3 Celtics Duke Jayson Tatum
97%
1 76ers Washington Markelle Fultz
97%
2 Lakers UCLA Lonzo Ball
96%
5 Kings Kentucky De'Aaron Fox
84%
4 Suns Kansas Josh Jackson
71%
9 Mavericks NC State Dennis Smith Jr.
55%
6 Magic Florida State Jonathan Isaac
55%
8 Knicks SIG Strasbourg (France) Frank Ntilikina
47%
11 Hornets Kentucky Malik Monk
45%
14 Heat Kentucky Bam Adebayo
43%
13 Nuggets Louisville Donovan Mitchell
43%
12 Pistons Duke Luke Kennard
38%
7 Timberwolves Arizona Lauri Markkanen
36%
27 Lakers Utah Kyle Kuzma
35%
19 Hawks Wake Forest John Collins
30%
15 Trail Blazers North Carolina Justin Jackson
30%
10 Kings Gonzaga Zach Collins
30%
18 Pacers UCLA T. J. Leaf
28%
22 Nets Texas Jarrett Allen
26%
23 Raptors Indiana OG Anunoby
22%
17 Bucks Michigan D. J. Wilson
20%
30 Jazz Villanova Josh Hart
20%
21 Thunder Adelaide 36ers (Australia) Terrance Ferguson
20%
29 Spurs Colorado Derrick White
17%
26 Trail Blazers Purdue Caleb Swanigan
16%
20 Trail Blazers Duke Harry Giles
16%
16 Bulls Creighton Justin Patton
14%
24 Jazz Syracuse Tyler Lydon
10%
28 Lakers North Carolina Tony Bradley
8%
25 Magic CB Gran Canaria (Spain) Anžejs Pasečņiks
4%
No matching quizzes found
Score Distribution
Percent of People with Each Score
Percentile by Number Answered
Your Score History
You have not taken this quiz